2025 f1 drivers - Statistics

General Stats
  • This quiz has been taken 477 times
    330 since last reset
  • The average score is 17 of 20
Answer Stats
Hint Answer % Correct
Scuderia Ferrari HP Lewis Hamilton
100%
Mclaren Lando Norris
99%
Red Bull Racing Max Verstappen
99%
Mclaren Oscar Piastri
98%
Scuderia Ferrari HP Charles Leclerc
97%
Red Bull Racing Yuki Tsunoda
95%
Mercedes AMG F1 Team Andrea Kimi Antonelli
94%
Aston Martin Aramco Fernando Alonso
91%
Mercedes AMG F1 Team George Russell
91%
Aston Martin Aramco Lance Stroll
86%
BWT Alpine Pierre Gasly
86%
Kick Sauber Nico Hulkenberg
83%
Williams Racing Carlos Sainz
82%
Haas Esteban Ocon
82%
Visa cash App RB Isack Hadjar
81%
Visa cash App RB Liam Lawson
81%
Haas Oliver Bearman
80%
Williams Racing Alexander Albon
79%
Kick Sauber Gabriel Bortoleto
74%
BWT Alpine Jack Doohan
62%
No matching quizzes found
Score Distribution
Percent of People with Each Score
Percentile by Number Answered
Your Score History
You have not taken this quiz since the last reset